000 01377na a2200289 4500
001 22649
003 MIRAKIL
005 20181213155202.0
008 170221b tu 000 0
040 _aMilas
_btur
_cTR-AnCHP
041 _atur
082 _aSODEP 324.172
_bS62 [1982-83]
090 _aSODEP 324.172 S62 [1982-83]
110 _aSosyal Demokrasi Partisi (SODEP)
245 _a[SODEP'in çeşitli rapor ve yayınları]
_cSODEP
260 _aAnkara
_bSODEP
_c[1983-1984]
300 _ac.
_c30
440 _aSODEP yayınları
505 _aMilletvekili seçim kanunu (T.C. Resmi Gazete, kanun no. 2839, kabul tarihi 10/6/1983) - Siyasi partiler kanunu (T.C. Resmi Gazete, kanun no. 2820, kabul tarihi 22/4/1983) - Türkiye Cumhuriyet Anayasası (T.C. Resmi Gazete, kanun no.2709, kabul tarihi 18/10/1982) -Sosyal Demokrasi Partisi tüzük 1983 -- Sosyal Demokrasi Partisi program 1983 ve uygulama politikaları - il ve ilçe yönetim kurulu başkanları listesi - SODEP kurucular kurulu il başkanları - SODEP parti içi eğitim, haftalık gazete yayını olabilirlik raporu -Sağlık sorunları komisyonu raporu / Türkan Akyol
610 _aSODEP
_xKomisyon raporları
610 _aSODEP
_xProgramlar
610 _aSODEP
_xRaporlar
610 _aSODEP
_xTüzük ve yönetmelikler
710 _aSODEP
942 _2dcc
_cBKS
999 _c8172
_d8172